Statistics for Name Every Kendrick Lamar Song (UPDATED)

Click here to take the quiz!

General Stats

  • This quiz has been taken 5,900 times
    (5,875 since last reset)
  • The average score is 48 of 76

Answer Stats

Answer% Correct
HUMBLE.
91%
u
89%
DNA.
88%
i
88%
m.A.A.d City
88%
Alright
87%
LOVE.
86%
DUCKWORTH.
85%
good kid
84%
Money Trees
82%
Wesley's Theory
82%
King Kunta
80%
PRIDE.
79%
N95
78%
Swimming Pools (Drank)
77%
Bitch, Don't Kill My Vibe
76%
LOYALTY.
76%
XXX.
76%
BLOOD.
75%
Sing About Me, I'm Dying of Thirst
74%
Backseat Freestyle
73%
GOD.
73%
FEAR.
72%
For Free? (Interlude)
71%
LUST.
71%
A.D.H.D
70%
Poetic Justice
70%
These Walls
70%
Compton
69%
ELEMENT.
69%
The Blacker the Berry
69%
United in Grief
68%
HiiiPoWeR
67%
Mortal Man
67%
Sherane a.k.a Master Splinter's Daughter
66%
Father Time
64%
For Sale? (Interlude)
64%
Mr. Morale
64%
YAH.
64%
How Much a Dollar Cost
63%
Institutionalized
63%
Momma
63%
Count Me Out
62%
FEEL.
62%
Real
62%
The Art of Peer Pressure
62%
Savior
58%
Savior (Interlude)
58%
Die Hard
57%
Mirror
57%
We Cry Together
57%
Purple Hearts
56%
Worldwide Steppers
56%
Auntie Diaries
55%
Hood Politics
55%
Rich (Interlude)
55%
Complexion (A Zulu Love)
53%
Rich Spirit
53%
Silent Hill
51%
Mother I Sober
50%
Rigamortis
50%
Crown
49%
Fuck Your Ethnicity
47%
You Ain't Gotta Lie (Momma Said)
47%
Keisha's Song (Her Pain)
46%
Hol' Up
44%
Ronald Reagan Era (His Evils)
43%
Tammy's Song (Her Evils)
40%
Chapter Six
37%
Chapter Ten
35%
No Make-Up (Her Vice)
34%
Poe Mans Dreams (His Vice)
30%
Ab-Soul's Outro
29%
Blow My High (Members Only)
28%
Kush & Corinthians (His Pain)
27%
The Spiteful Chant
17%

Score Distribution

Percentile by Number Answered

Percent of People with Each Score

Your Score History

You have not taken this quiz since the last reset